| 000 | 00000nam##2200000za#4500 |
| 001 | 9.648256 |
| 003 | CaOODSP |
| 005 | 20200330092055 |
| 007 | ta |
| 008 | 150407|1999||||xxc||||| f|0| 0 eng|d |
| 020 | |a0-662-30839-5 |
| 040 | |aCaOODSP|beng |
| 043 | |an-cn--- |
| 086 | 1 |aE2-397/1999E |
| 110 | 1 |aCanada.|bForeign Affairs and International Trade. |bCanadian Centre for Foreign Policy Development. |
| 245 | 10|aEducation and the Free Trade Area of the Americas (FTAA) : |bpolicy option report / |cPrepared by Initiatives for Democratic Education in the Americas (IDEA). |
| 260 | |aOttawa - Ontario : |bForeign Affairs and International Trade. |c1999. |
| 300 | |a10p. ; |c28 cm. |
| 563 | |aSoftcover |
| 590 | |a02-34|b2002-08-23 |
| 690 | 07|aCanadian-American relations|2gcpds |
| 690 | 07|aEducation|2gcpds |
| 690 | 07|aForeign policy|2gcpds |
| 690 | 07|aFree trade|2gcpds |
| 776 | 0#|tEducation and the Free Trade Area of the Americas (FTAA) (July 13, 1999, Vancouver, British Columbia) / |w(CaOODSP)9.686223 |